[Event "4th ch-EU"]
[Site "Liverpool ENG"]
[Date "2008.09.10"]
[Round "2"]
[White "Luther,T"]
[Black "Lam,P"]
[Result "1-0"]
[WhiteElo "2570"]
[BlackElo "2104"]
[EventDate "2008.09.09"]

1. e4 Nf6 2. e5 Nd5 3. d4 d6 4. c4 Nb6 5. exd6 exd6 6. Nc3 Be7 7. Bd3 Nc6
8. Nge2 O-O 9. O-O Bf6 10. b3 Bg4 11. Be3 Re8 12. Qd2 Nb4 13. Bb1 Bxe2 14.
Nxe2 c5 15. a3 Nc6 16. Ra2 Qe7 17. h3 a5 18. d5 Ne5 19. a4 Ned7 20. Qc1 Nc8
21. Ng3 g6 22. Re2 Qd8 23. Rfe1 Rf8 24. Ne4 Bg7 25. Bg5 Qb6 26. Bc2 f5 27.
Ng3 Ne5 28. Bd2 Qc7 29. f4 Nd7 30. Re6 Qd8 31. Ne2 Qh4 32. Bc3 Nf6 33. Rf1
b6 34. Be1 Qh6 35. Nc3 Ra7 36. Nb5 Rd7 37. Qd1 Ne8 38. Bd2 Nc7 39. Nxc7
Rxc7 40. Rfe1 Bd4+ 41. Kh1 Qg7 42. Qf3 Rd7 43. g4 Ne7 44. g5 Rf7 45. Kg2
Kf8 46. h4 Ke8 47. h5 Kd8 48. h6 Qh8 49. Qd3 Bb2 50. Rb1 Bd4 51. Bd1 Kc7
52. Bf3 Kc8 53. Be1 Kc7 54. Rd1 Bb2 55. Qc2 Kc8 56. Rd3 Kc7 57. Kg3 Kc8 58.
Bf2 Kc7 59. Re2 Ba3 60. Be3 Bb4 61. Bc1 Qd8 62. Bb2 Ng8 63. Re6 Qf8 64.
Rde3 Qc8 65. Qe2 Rd8 66. Kg2 Qd7 67. Kf1 Qc8 68. Qd3 Rdd7 69. Ke2 Rd8 70.
Kd1 Rdd7 71. Kc2 Rd8 72. Qe2 Rfd7 73. Qh2 Rf7 74. Be2 Rdd7 75. Bd3 Rd8 76.
Kb1 Rfd7 77. Kc2 Rf7 78. Qh3 Rdd7 79. Qh1 Rd8 80. Rxg6 hxg6 81. h7 Ne7 82.
h8=Q Rxh8 83. Bxh8 Qg8 84. Bf6 Nc8 85. Rh3 Qe8 86. Qg1 Qg8 87. Rh8 Qxh8 88.
Bxh8 Re7 89. Qh2 1-0

[Event "4th ch-EU"]
[Site "Liverpool ENG"]
[Date "2008.09.12"]
[Round "4"]
[White "David,Alb"]
[Black "Rausis,I"]
[Result "1-0"]
[WhiteElo "2568"]
[BlackElo "2486"]
[EventDate "2008.09.09"]

1. d4 Nf6 2. c4 e6 3. Nc3 d5 4. cxd5 exd5 5. Bg5 Nbd7 6. e3 Be7 7. Bd3 O-O
8. Nf3 Re8 9. Qc2 Nf8 10. h3 Be6 11. O-O c6 12. Rab1 N6d7 13. Bxe7 Qxe7 14.
b4 a6 15. a4 Nb6 16. Rfe1 Rad8 17. Ne2 f6 18. b5 axb5 19. axb5 Nc4 20. Bxc4
dxc4 21. bxc6 bxc6 22. Nd2 c5 23. Nxc4 cxd4 24. Nxd4 Rc8 25. Nxe6 Qxe6 26.
Rb4 Ng6 27. Qb3 Rc6 28. Na5 Qxb3 29. Nxb3 Rc7 30. Nd4 Rec8 31. Reb1 Ne7 32.
Rb7 Kf7 33. R1b5 g6 34. g4 Rc1+ 35. Kg2 R8c7 36. R5b6 Nc8 37. Nb5 Rxb7 38.
Rxb7+ Ne7 39. Nd6+ Ke6 40. Ne4 h6 41. Rb5 Rc6 42. Nc5+ Kf7 43. Nb3 Rc7 44.
Nd4 Nc8 45. Rd5 Nb6 46. Rd8 Rd7 47. Rh8 Kg7 48. Rb8 Nc4 49. h4 h5 50. gxh5
gxh5 51. Ne6+ Kf7 52. Nf4 Rd2 53. Rb7+ Kf8 54. Rb3 Nd6 55. Kf3 Nf5 56. Rb5
Ng7 57. Nxh5 Nxh5 58. Rxh5 Kg7 59. Rc5 Rd1 60. Kg4 Rd2 61. f4 Re2 62. Rc7+
Kf8 63. Rc3 1-0

[Event "4th ch-EU"]
[Site "Liverpool ENG"]
[Date "2008.09.12"]
[Round "4"]
[White "Langrock,H"]
[Black "Howell,D"]
[Result "0-1"]
[WhiteElo "2398"]
[BlackElo "2561"]
[EventDate "2008.09.09"]

1. e4 e5 2. Nf3 Nc6 3. Bb5 Nf6 4. d3 d6 5. O-O Bd7 6. c3 g6 7. Re1 Bg7 8.
Nbd2 O-O 9. Nf1 Qe8 10. Ng3 Kh8 11. Ba4 Ng8 12. Bc2 Nge7 13. d4 Bg4 14. d5
Nb8 15. h3 Bc8 16. Nh2 Nd7 17. Be3 f5 18. exf5 gxf5 19. f4 Nf6 20. c4 e4
21. Ne2 h5 22. Qd2 h4 23. Rad1 Rg8 24. Nc3 Bd7 25. b4 Nh5 26. Bb3 Kh7 27.
c5 Bxc3 28. Qxc3 Rxg2+ 29. Kxg2 Qg6+ 30. Ng4 fxg4 31. Rg1 Rg8 32. Bc2 Ng3
33. Qc4 Ngf5 34. Qe2 Ng3 35. Qc4 Ngf5 36. Qe2 Bb5 37. Qe1 Ng3 38. Kh2 Nef5
39. Bf2 Nf1+ 40. Kh1 g3 41. Qxe4 gxf2 42. Rxg6 Rxg6 43. Qxf5 Ng3+ 44. Kg2
f1=Q+ 45. Rxf1 Bxf1+ 46. Kf2 Nxf5 47. Bxf5 Bc4 0-1

[Event "4th ch-EU"]
[Site "Liverpool ENG"]
[Date "2008.09.12"]
[Round "4"]
[White "Short,N"]
[Black "Ris,R"]
[Result "1/2-1/2"]
[WhiteElo "2655"]
[BlackElo "2415"]
[EventDate "2008.09.09"]

1. e4 e5 2. Nf3 Nc6 3. Bb5 a6 4. Ba4 Nf6 5. O-O Bc5 6. c3 b5 7. Bb3 d6 8.
d4 Bb6 9. a4 Bg4 10. Bg5 Rb8 11. axb5 axb5 12. h3 Bxf3 13. Qxf3 exd4 14.
Qd1 h6 15. Bh4 O-O 16. Re1 Re8 17. Bc2 Qe7 18. Kh1 Qe5 19. Bd3 dxc3 20.
Nxc3 b4 21. Bxf6 Qxf6 22. Nd5 Qxf2 23. Bb5 Qc5 24. Qa4 Ra8 25. Rac1 Qxd5
26. exd5 Rxe1+ 27. Rxe1 Rxa4 28. Re8+ Kh7 29. Bxa4 Ne5 30. g4 g6 31. Bc2
1/2-1/2

[Event "4th ch-EU"]
[Site "Liverpool ENG"]
[Date "2008.09.12"]
[Round "4"]
[White "Kotronias,V"]
[Black "Estremera Panos,S"]
[Result "1/2-1/2"]
[WhiteElo "2574"]
[BlackElo "2394"]
[EventDate "2008.09.09"]

1. e4 e5 2. Nf3 Nc6 3. Bb5 a6 4. Ba4 Nf6 5. O-O Be7 6. Re1 b5 7. Bb3 d6 8.
c3 O-O 9. h3 Na5 10. Bc2 d5 11. d4 dxe4 12. Nxe5 c5 13. Be3 Qc7 14. Nd2 Bb7
15. Qb1 cxd4 16. Bxd4 Bd6 17. Ng4 Nxg4 18. hxg4 Bh2+ 19. Kh1 Bf4 20. Nxe4
Rfe8 21. g5 Nc6 22. Be3 Bxe3 23. Rxe3 Ne5 24. Qd1 Nc4 25. Re2 Nxb2 26. Qe1
Re6 27. f3 Qf4 28. Nf6+ gxf6 29. Rxe6 fxe6 30. Qxe6+ Kf8 31. Re1 Qxg5 32.
Qe7+ Kg8 33. Qxh7+ Kf8 34. Qe7+ Kg8 35. Qh7+ Kf8 36. Bg6 Bd5 37. Qe7+ Kg8
38. Qh7+ Kf8 39. Kg1 Nc4 40. Qe7+ Kg8 41. Qh7+ Kf8 42. Qe7+ Kg8 43. Qh7+
1/2-1/2

[Event "4th ch-EU"]
[Site "Liverpool ENG"]
[Date "2008.09.12"]
[Round "4"]
[White "Luther,T"]
[Black "Horner,J"]
[Result "1-0"]
[WhiteElo "2570"]
[BlackElo "2372"]
[EventDate "2008.09.09"]

1. e4 e5 2. Nf3 Nc6 3. Bb5 a6 4. Ba4 Nf6 5. O-O Be7 6. Re1 b5 7. Bb3 d6 8.
c3 O-O 9. h3 Nd7 10. d4 Bf6 11. a4 Bb7 12. Na3 b4 13. Nc4 bxc3 14. bxc3
exd4 15. cxd4 Re8 16. Bb2 Rb8 17. e5 dxe5 18. dxe5 Bg5 19. Nxg5 Qxg5 20. h4
Qg6 21. h5 Qg5 22. Bc1 Qe7 23. e6 fxe6 24. Rxe6 Qxe6 25. Ne3 Nc5 26. Bxe6+
Nxe6 27. Bb2 Rbd8 28. Qb3 Ba8 29. Nf5 Rb8 30. Qc3 Rf8 31. Re1 Rxf5 32. Rxe6
Rf7 33. Re4 Ne7 34. Rg4 Nf5 35. Rf4 1-0

[Event "4th ch-EU"]
[Site "Liverpool ENG"]
[Date "2008.09.12"]
[Round "4"]
[White "Hebden,M"]
[Black "Logothetis,S"]
[Result "1-0"]
[WhiteElo "2520"]
[BlackElo "2318"]
[EventDate "2008.09.09"]

1. d4 Nf6 2. Nf3 d5 3. c4 e6 4. Bg5 h6 5. Bxf6 Qxf6 6. Nc3 c6 7. e3 g6 8.
Qc2 Bg7 9. cxd5 exd5 10. Nxd5 Qd8 11. Nc3 O-O 12. Bc4 Bf5 13. Qe2 Nd7 14.
O-O c5 15. Rfd1 Qa5 16. Rac1 Bg4 17. dxc5 Ne5 18. Bd5 Qxc5 19. Bxb7 Rab8
20. Bd5 Qb4 21. Rd2 Rfc8 22. h3 Nxf3+ 23. Bxf3 Bxc3 24. bxc3 Bxf3 25. Qxf3
Rxc3 26. Rcd1 Rc1 27. Qd5 Rxd1+ 28. Rxd1 a5 29. Qe5 Rf8 30. g4 a4 31. Kg2
a3 32. Rd3 Ra8 33. Qd5 Rb8 34. Rd4 Qb2 35. Ra4 Rc8 36. Ra7 Qf6 37. Rxa3 Rc2
38. Qf3 Qe6 39. Ra7 Kg7 40. a4 Ra2 41. Qf4 Qd5+ 42. Qf3 Qe6 43. a5 Ra1 44.
Qb7 Ra2 45. Qb6 Qe4+ 46. Kg3 Qe5+ 47. f4 Qd5 48. Qd4+ Qxd4 49. exd4 Ra4 50.
a6 Rxd4 51. Rb7 Ra4 52. a7 Kf6 53. h4 Ra3+ 54. Kf2 Ke6 55. g5 hxg5 56. fxg5
Kf5 57. Rxf7+ Kg4 58. Rh7 Kf4 59. Ke2 Kg4 60. Kd2 Kf4 61. Kc2 Kg4 62. Kb2
Ra5 63. Kb3 Ra1 64. Kc4 Ra2 65. Kc5 Ra1 66. Kb6 Rb1+ 67. Kc7 Ra1 68. Kb8
1-0

[Event "4th ch-EU"]
[Site "Liverpool ENG"]
[Date "2008.09.12"]
[Round "4"]
[White "Hillarp Persson,T"]
[Black "Motoc,A"]
[Result "1-0"]
[WhiteElo "2526"]
[BlackElo "2303"]
[EventDate "2008.09.09"]

1. e4 c5 2. Nf3 d6 3. d4 cxd4 4. Nxd4 Nf6 5. Nc3 a6 6. a4 e5 7. Nf3 h6 8.
Bc4 Nbd7 9. a5 Nc5 10. Be3 Qc7 11. Nd5 Nxd5 12. Bxd5 Be6 13. O-O Be7 14.
Bxc5 Qxc5 15. Bxb7 Rb8 16. Bxa6 Rxb2 17. Bd3 O-O 18. Qe2 Ra8 19. a6 Bc8 20.
Nd2 Rb6 21. Ra4 Bd7 22. Rc4 Qa3 23. Rc7 Qa4 24. Nc4 Rbb8 25. Ne3 Bd8 26.
Rxd7 Qxd7 27. Nf5 Kh7 28. g3 Bb6 29. Qh5 Bc5 30. Kg2 Rb2 31. h4 Qe6 32. Qd1
Ra2 33. Qe2 Qc8 34. Bc4 R2xa6 35. Bxf7 R8a7 36. Qh5 Qf8 37. Qg6+ Kh8 38.
Be6 Ra1 39. Rxa1 Rxa1 40. f3 Ra8 41. Kh3 Bb4 42. Kg4 Bd2 43. Kh5 Qf6 44.
Qxf6 gxf6 45. Kg6 Ra7 46. Kxf6 Bb4 47. Nxh6 Kh7 48. Nf5 Ba5 49. Bf7 Rc7 50.
c4 Rc6 51. Ke6 Rxc4 52. g4 Rc1 53. g5 Rg1 54. Kxd6 1-0

[Event "4th ch-EU"]
[Site "Liverpool ENG"]
[Date "2008.09.12"]
[Round "4"]
[White "Carlsson,P"]
[Black "Cruz Alvarez de Ron,D"]
[Result "1-0"]
[WhiteElo "2514"]
[BlackElo "2278"]
[EventDate "2008.09.09"]

1. e4 e6 2. d4 d5 3. Nd2 dxe4 4. Nxe4 Bd7 5. Nf3 Bc6 6. Bd3 Nd7 7. O-O Be7
8. c3 Ngf6 9. Ned2 b6 10. a4 a5 11. Qe2 O-O 12. Nc4 Bb7 13. Rd1 Qc8 14. Bf4
Re8 15. h3 Nf8 16. Nfe5 Ng6 17. Bh2 Nd7 18. Nf3 Nf6 19. Nce5 Nd5 20. Bb5 c6
21. Bc4 Nxe5 22. Nxe5 Bd6 23. Bd3 Qc7 24. Qh5 g6 25. Qh4 f6 26. Ng4 Bxh2+
27. Nxh2 f5 28. Nf3 Qf4 29. Qxf4 Nxf4 30. Bf1 c5 31. Ne5 cxd4 32. Rxd4 Nd5
33. Rad1 Re7 34. c4 Nf6 35. Rd6 Be4 36. R1d2 Rb8 37. f3 Ba8 38. Rd8+ Re8
39. Rxb8 Rxb8 40. Rd6 Ne8 41. Rxe6 Nc7 42. Re7 Na6 43. Nd7 1-0

[Event "4th ch-EU"]
[Site "Liverpool ENG"]
[Date "2008.09.12"]
[Round "4"]
[White "Fraser Mitchell,J"]
[Black "Gordon,S"]
[Result "0-1"]
[WhiteElo "2018"]
[BlackElo "2508"]
[EventDate "2008.09.09"]

1. d4 Nf6 2. c4 e6 3. Nc3 Bb4 4. Bg5 h6 5. Bh4 c5 6. Rc1 Bxc3+ 7. Rxc3 Qb6
8. Bxf6 gxf6 9. dxc5 Qxb2 10. Rb3 Qxa2 11. Nf3 Na6 12. Rb5 Qxc4 13. e3 Qc3+
14. Nd2 Nxc5 0-1

[Event "4th ch-EU"]
[Site "Liverpool ENG"]
[Date "2008.09.12"]
[Round "4"]
[White "Vaznonis,V"]
[Black "Briscoe,C"]
[Result "0-1"]
[WhiteElo "2407"]
[BlackElo "2232"]
[EventDate "2008.09.09"]

1. d4 Nf6 2. c4 e6 3. Nc3 Bb4 4. Qc2 O-O 5. a3 Bxc3+ 6. Qxc3 b6 7. Bg5 Bb7
8. e3 d6 9. f3 Nbd7 10. Nh3 Rc8 11. Be2 c5 12. O-O d5 13. Rac1 h6 14. Bh4
cxd4 15. Qxd4 Ba6 16. b4 e5 17. Bxf6 Nxf6 18. Qxe5 Re8 19. Qf4 Bxc4 20. Kf2
Bxe2 21. Kxe2 d4 22. Rxc8 d3+ 23. Kd2 Qxc8 24. Rc1 Qe6 25. Qd4 Qa2+ 26.
Kxd3 Qxg2 27. Ng1 Qxh2 28. Ne2 Qb8 29. Qf4 Rd8+ 30. Nd4 Qxf4 31. exf4 Nd5
32. f5 Kh7 33. Re1 Rd7 34. Kc4 h5 35. Nc6 Nf4 36. Kb5 Rc7 37. a4 Nd5 38.
Nd4 Nc3+ 39. Ka6 Rc4 40. Nb5 Nxa4 41. Rb1 Rf4 42. Nd6 f6 43. Kxa7 h4 44. b5
h3 45. Rh1 Rxf3 46. Nc4 Kh6 47. Nxb6 Nxb6 48. Kxb6 Kh5 49. Kc6 Rc3+ 50. Kd7
Rb3 51. Ke6 Kh4 52. Kf7 Rxb5 53. Rf1 Rb7+ 54. Kg6 h2 55. Ra1 Re7 56. Ra8
Kg3 57. Ra1 Kf2 58. Ra2+ Re2 59. Ra1 Re1 60. Ra2+ Kg3 61. Ra3+ Kg2 62. Ra2+
Kg1 0-1

[Event "4th ch-EU"]
[Site "Liverpool ENG"]
[Date "2008.09.12"]
[Round "4"]
[White "Eggleston,D"]
[Black "Groffen,H"]
[Result "1-0"]
[WhiteElo "2372"]
[BlackElo "2228"]
[EventDate "2008.09.09"]

1. e4 e6 2. d4 d5 3. Nd2 Nf6 4. e5 Nfd7 5. c3 c5 6. Bd3 Nc6 7. Ne2 cxd4 8.
cxd4 f6 9. exf6 Nxf6 10. Nf3 Qc7 11. O-O Bd6 12. b3 O-O 13. Bb2 Bd7 14. Rc1
Rae8 15. Ng3 Bf4 16. Rc2 Qb6 17. Ne5 Nb4 18. Ba3 Nxc2 19. Bxc2 Bb5 20. Bxf8
Rxf8 21. Re1 Qa5 22. Qb1 Qc3 23. a4 Rc8 24. Bxh7+ Nxh7 25. axb5 Qxd4 26.
Qg6 Nf8 27. Qf7+ Kh7 28. Nf3 Qf6 29. Qxb7 Rc7 30. Qa6 Qb2 31. Qa4 Bh6 32.
h4 Rc3 33. Qxa7 Rxb3 34. Qf7 Qf6 35. Qxf6 gxf6 36. Nd4 Rb4 37. Nxe6 Rxb5
38. Nf5 Ng6 39. h5 Ne5 40. Ra1 Rb7 41. Ra6 Nd3 42. Rd6 Bc1 43. Rxd5 Rb1 44.
Rd7+ Kg8 45. g3 Ba3+ 46. Kg2 Ne1+ 47. Kh3 Nf3 48. Rg7+ Kh8 49. Nf4 1-0

[Event "4th ch-EU"]
[Site "Liverpool ENG"]
[Date "2008.09.12"]
[Round "4"]
[White "Peek,Mar"]
[Black "James,Dav"]
[Result "1-0"]
[WhiteElo "2370"]
[BlackElo "2177"]
[EventDate "2008.09.09"]

1. d4 Nf6 2. c4 e6 3. Nf3 b6 4. g3 Ba6 5. Qc2 Bb7 6. Bg2 c5 7. d5 exd5 8.
cxd5 Bxd5 9. Nc3 Bb7 10. e4 Nc6 11. O-O d6 12. Rd1 Qe7 13. Bf4 O-O-O 14. a3
Ne5 15. Nxe5 dxe5 16. Rxd8+ Kxd8 17. Rd1+ Kc8 18. Bh3+ Kb8 19. Bg5 a6 20.
Nd5 Bxd5 21. Rxd5 h6 22. Rxe5 hxg5 23. Rxe7 Bxe7 24. Bg2 Nd7 25. Qd3 Kc7
26. Qxa6 Rb8 27. f4 gxf4 28. gxf4 g5 29. Bh3 Nf6 30. fxg5 Nxe4 31. Qe2 1-0

[Event "4th ch-EU"]
[Site "Liverpool ENG"]
[Date "2008.09.12"]
[Round "4"]
[White "Ringoir,T"]
[Black "Peacock,M"]
[Result "1-0"]
[WhiteElo "2321"]
[BlackElo "2101"]
[EventDate "2008.09.09"]

1. e4 e6 2. d4 d5 3. Nc3 Bb4 4. e5 c5 5. a3 Bxc3+ 6. bxc3 Qc7 7. Qg4 f5 8.
Qg3 cxd4 9. cxd4 Ne7 10. Ne2 O-O 11. c3 b6 12. Nf4 Qd7 13. a4 Ba6 14. Bb5
Nec6 15. h4 Qf7 16. h5 Na5 17. Ng6 Rc8 18. Ba3 Rc7 19. Bd6 Rb7 20. Qg5 Bxb5
21. axb5 Nd7 22. Ne7+ Kh8 23. Nc6 h6 24. Qh4 Qe8 25. g4 fxg4 26. Qxg4 Nf8
27. Bxf8 Qxf8 28. Qxe6 Qf3 29. Rh3 Qe4+ 30. Kf1 Nb3 31. Rd1 Rf8 32. Ne7
Rxe7 33. Qxe7 Rxf2+ 34. Kxf2 Qc2+ 35. Ke1 Qe4+ 36. Kf1 Qf5+ 37. Kg2 Qg4+
38. Rg3 Qe2+ 39. Kh3 Qxh5+ 40. Qh4 Qxd1 41. Qd8+ Kh7 42. Qxd5 Qh5+ 43. Kg2
Qe2+ 44. Kg1 Nd2 45. Qf7 Qe1+ 46. Kg2 Qe4+ 47. Kf2 1-0

[Event "4th ch-EU"]
[Site "Liverpool ENG"]
[Date "2008.09.12"]
[Round "4"]
[White "Owen,D"]
[Black "Lasinskas,P"]
[Result "0-1"]
[WhiteElo "2095"]
[BlackElo "2269"]
[EventDate "2008.09.09"]

1. e4 c5 2. Nf3 a6 3. c3 d5 4. exd5 Nf6 5. c4 e6 6. dxe6 Bxe6 7. d4 cxd4 8.
Qxd4 Nbd7 9. h3 Bc5 10. Qf4 Qb6 11. Nfd2 g5 12. Qf3 g4 13. Qg3 Rg8 14. Qh4
g3 15. f3 Be3 16. Nc3 Bg5 17. c5 Qxc5 18. Qa4 Qf2+ 19. Kd1 O-O-O 20. Qc2
Kb8 21. b4 Ne5 22. Nce4 Nxe4 0-1

[Event "4th ch-EU"]
[Site "Liverpool ENG"]
[Date "2008.09.12"]
[Round "4"]
[White "Kett,T"]
[Black "Fox,An"]
[Result "1-0"]
[WhiteElo "2247"]
[BlackElo "2068"]
[EventDate "2008.09.09"]

1. e4 e5 2. Nf3 Nc6 3. Bb5 a6 4. Ba4 Nf6 5. O-O Be7 6. Bxc6 dxc6 7. d3 Nd7
8. Nbd2 c5 9. Nc4 Bd6 10. Ng5 O-O 11. Qh5 Nf6 12. Qh4 h6 13. Nf3 Re8 14. h3
b5 15. Ne3 Bd7 16. g4 Nh7 17. Qg3 Ng5 18. Nxg5 hxg5 19. Kg2 g6 20. Rh1 Kg7
21. b3 Rh8 22. Bb2 f6 23. h4 Rxh4 24. Rxh4 gxh4 25. Qxh4 Qh8 26. Qg3 Kg8
27. Rh1 Qg7 28. g5 Rf8 29. gxf6 Qxf6 30. Nd5 Qf7 31. f4 c6 32. Ne3 Qg7 33.
Bxe5 Bxe5 34. fxe5 Re8 35. Ng4 Bxg4 36. Qxg4 g5 37. e6 Qg6 38. Rh5 Kf8 39.
Rxg5 Qxe6 40. Qf4+ Ke7 41. Rg7+ 1-0

[Event "4th ch-EU"]
[Site "Liverpool ENG"]
[Date "2008.09.12"]
[Round "4"]
[White "Brown,Mart"]
[Black "Tebb,D"]
[Result "1/2-1/2"]
[WhiteElo "2072"]
[BlackElo "2215"]
[EventDate "2008.09.09"]

1. e4 c5 2. Nf3 d6 3. d4 cxd4 4. Nxd4 Nf6 5. Nc3 a6 6. Be2 e5 7. Nb3 Be7 8.
Be3 O-O 9. O-O Be6 10. f4 exf4 11. Rxf4 Nc6 12. Nd5 Bxd5 13. exd5 Ne5 14.
c4 Rc8 15. Rc1 Re8 16. Rf1 Bf8 17. Qd4 Ned7 18. Bd3 h6 19. Bf5 g6 20. Bxd7
Nxd7 21. Qf4 Ne5 22. Bd4 1/2-1/2

[Event "4th ch-EU"]
[Site "Liverpool ENG"]
[Date "2008.09.12"]
[Round "4"]
[White "Lawson,A"]
[Black "Cannon,Ra"]
[Result "1-0"]
[WhiteElo "2200"]
[BlackElo "2041"]
[EventDate "2008.09.09"]

1. c4 Nf6 2. Nc3 c5 3. Nf3 Nc6 4. d4 cxd4 5. Nxd4 g6 6. g3 Bg7 7. Bg2 O-O
8. O-O Ng4 9. e3 Nge5 10. b3 d6 11. h3 Bd7 12. Bb2 Nxd4 13. exd4 Nc6 14. d5
Nd4 15. Rb1 Nf5 16. Ne4 Qa5 17. Bxg7 Kxg7 18. Qe2 Rac8 19. Rfc1 Qa3 20. b4
b6 21. Qd2 Qa6 22. Bf1 e5 23. dxe6 fxe6 24. c5 Qb7 25. Qb2+ Kh6 26. Nf6 e5
27. Ng4+ Kg7 28. Bg2 Bc6 29. Bxc6 Qxc6 30. cxd6 Qxd6 31. Qxe5+ Qxe5 32.
Nxe5 Nd4 33. Rxc8 Rxc8 34. Rd1 Nb5 35. Rd7+ Kf6 36. Ng4+ Ke6 37. Rxh7 Rc1+
38. Kg2 Ra1 39. Rg7 Kf5 40. Re7 1-0

[Event "4th ch-EU"]
[Site "Liverpool ENG"]
[Date "2008.09.12"]
[Round "4"]
[White "Blackburn,J"]
[Black "Campbell,I"]
[Result "1-0"]
[WhiteElo "2196"]
[BlackElo "2031"]
[EventDate "2008.09.09"]

1. d4 Nf6 2. c4 e6 3. Nc3 Bb4 4. a3 Bxc3+ 5. bxc3 c5 6. e3 d6 7. Bd3 O-O 8.
Ne2 Nc6 9. f3 cxd4 10. cxd4 d5 11. O-O e5 12. cxd5 Nxd5 13. e4 Nb6 14. d5
Ne7 15. a4 Re8 16. Qb3 Ng6 17. Be3 Nd7 18. Rfc1 b6 19. a5 Bb7 20. a6 Bc8
21. Bb5 Rf8 22. Qc4 Nc5 23. Bc6 Rb8 24. Rcb1 Nd7 25. Ng3 Nf6 26. Bc5 Ne7
27. Bb4 h5 28. Qc3 Ng6 29. Qa3 Bd7 30. Bxf8 Nxf8 31. Qd6 Bxc6 32. Qxd8 Rxd8
33. dxc6 Rc8 34. Nf5 Rc7 35. Rxb6 1-0

[Event "4th ch-EU"]
[Site "Liverpool ENG"]
[Date "2008.09.12"]
[Round "4"]
[White "Cafolla,P"]
[Black "Bennett,P"]
[Result "1-0"]
[WhiteElo "2055"]
[BlackElo "2120"]
[EventDate "2008.09.09"]

1. e4 c5 2. Nc3 Nc6 3. g3 g6 4. Bg2 Bg7 5. d3 e6 6. Be3 Nd4 7. Qd2 Ne7 8.
Nd1 d6 9. c3 Ndc6 10. Bh6 Bxh6 11. Qxh6 Ne5 12. Qd2 d5 13. f4 N5c6 14. e5
O-O 15. Ne3 Kg7 16. g4 f6 17. Nf3 fxe5 18. fxe5 d4 19. Nc2 Nd5 20. h4 Nf4
21. cxd4 Nxg2+ 22. Qxg2 Qd5 23. Rf1 cxd4 24. O-O-O Nxe5 25. Ncxd4 Nxf3 26.
Nxf3 Bd7 27. Qe2 Qxa2 28. Qe5+ Kg8 29. h5 Rac8+ 30. Kd2 Qb3 31. hxg6 Rc2+
32. Ke3 hxg6 33. Nd4 Rxf1 34. Rxf1 Qxb2 35. Qf6 1-0

[Event "4th ch-EU"]
[Site "Liverpool ENG"]
[Date "2008.09.12"]
[Round "4"]
[White "Czaja,W"]
[Black "Ringoir,G"]
[Result "1-0"]
[WhiteElo "2103"]
[BlackElo "1944"]
[EventDate "2008.09.09"]

1. d4 Nf6 2. Nf3 c5 3. d5 e6 4. c4 exd5 5. cxd5 d6 6. Nc3 g6 7. e4 Bg7 8.
Bd3 O-O 9. h3 b5 10. O-O b4 11. Ne2 Re8 12. Ng3 Ba6 13. Bxa6 Nxa6 14. Qd3
Nc7 15. Nd2 Nd7 16. f4 Nb6 17. Rb1 Qd7 18. b3 Qb5 19. Qf3 Rac8 20. Bb2 Bxb2
21. Rxb2 c4 22. Nxc4 Nxc4 23. bxc4 Qxc4 24. f5 Qc3 25. fxg6 fxg6 26. Qf7+
Kh8 27. Qf6+ Kg8 28. Rb3 Qc5+ 29. Qf2 Qxf2+ 30. Rxf2 a5 31. a3 Na6 32. axb4
Rc1+ 33. Kh2 axb4 34. Ra2 Nc5 35. Rxb4 Re1 36. Ra7 h5 37. h4 Nxe4 38. Rbb7
Nf6 39. Rg7+ Kh8 40. Rxg6 Ng4+ 41. Rxg4 hxg4 42. Rd7 Rd1 43. Nh5 g3+ 44.
Kxg3 Rg8+ 45. Kh2 Rg6 46. Nf4 Rf6 47. g3 Rxf4 48. gxf4 Rxd5 49. Kg3 Rd3+
50. Kg4 d5 51. f5 Kg8 52. h5 Rd1 53. Kg5 d4 54. Kf6 d3 55. h6 d2 56. Rg7+
Kh8 57. Rg2 Rh1 58. Rxd2 Rxh6+ 59. Kf7 Rh7+ 60. Ke6 Ra7 61. f6 Kg8 62. Rd8+
Kh7 63. Rd7+ Rxd7 64. Kxd7 1-0

[Event "4th ch-EU"]
[Site "Liverpool ENG"]
[Date "2008.09.12"]
[Round "4"]
[White "Bennion,D"]
[Black "Wilson,A"]
[Result "0-1"]
[WhiteElo "2063"]
[BlackElo "2059"]
[EventDate "2008.09.09"]

1. d4 Nf6 2. c4 g6 3. Nc3 d5 4. Nf3 Bg7 5. Bf4 O-O 6. e3 e6 7. Bd3 dxc4 8.
Bxc4 c5 9. dxc5 Qa5 10. O-O Rd8 11. b4 Rxd1 12. Raxd1 Qxb4 13. Rd8+ Bf8 14.
Rxc8 Kg7 15. Be5 Qxc4 16. Nd2 Qd3 17. Rd1 Nbd7 18. Rxa8 Nxe5 19. Ndb1 Qa6
20. f4 Nc6 21. h3 Bxc5 22. Kf2 Qc4 23. Kf3 e5 24. g4 exf4 25. g5 Nh5 26.
Ne4 fxe3 27. Nxc5 Qxc5 28. h4 Qc2 29. Rf1 e2 0-1

[Event "4th ch-EU"]
[Site "Liverpool ENG"]
[Date "2008.09.12"]
[Round "4"]
[White "Roy,Ali"]
[Black "Benson,O"]
[Result "0-1"]
[WhiteElo "1693"]
[BlackElo "1852"]
[EventDate "2008.09.09"]

1. e4 c5 2. Nf3 d6 3. c3 Nf6 4. Bd3 Bg4 5. Bc2 Nc6 6. h3 Bh5 7. d3 e6 8.
Nbd2 d5 9. Qe2 Be7 10. Nf1 c4 11. d4 dxe4 12. Bxe4 Nxe4 13. Qxe4 Bg6 14.
Qe3 O-O 15. Ng3 b5 16. O-O a5 17. Bd2 b4 18. Rfe1 a4 19. cxb4 Nxb4 20. Bxb4
Bxb4 21. Rec1 a3 22. b3 cxb3 23. Qxb3 Qd6 24. Rc4 Rfb8 25. Qe3 Qd5 26. Rac1
Bd6 27. Ne5 Bb1 28. Qc3 Bxa2 29. Rc6 Bxe5 30. dxe5 h6 31. Ne2 Qe4 32. Ng3
Qd5 33. Ne2 Bb3 34. Rc5 Qe4 35. Ng3 Qb4 36. Qe3 a2 37. Ra1 Bd5 38. Rcc1 Rc8
39. Re1 Rc2 40. Ne2 Ra6 41. Qd4 Qb7 42. g3 Rc4 43. Qd2 Rb4 44. Nc3 Rb2 45.
Qd4 Bh1 46. Ne4 Bxe4 47. Rxe4 Rb1+ 48. Re1 Rxe1+ 49. Rxe1 Qb1 50. Qa1 Qxe1+
0-1

[Event "4th ch-EU"]
[Site "Liverpool ENG"]
[Date "2008.09.12"]
[Round "4"]
[White "Soikkeli,R"]
[Black "Gorman,J"]
[Result "0-1"]
[WhiteElo "1738"]
[BlackElo "1937"]
[EventDate "2008.09.09"]

1. e4 c5 2. d4 cxd4 3. c3 dxc3 4. Nxc3 e6 5. Nf3 a6 6. Bc4 b5 7. Bb3 Bb7 8.
Qe2 d6 9. O-O Nd7 10. Rd1 Ngf6 11. Bg5 Be7 12. Bxf6 gxf6 13. Rac1 O-O 14.
Nd4 Kh8 15. Bxe6 fxe6 16. Nxe6 Qe8 17. Nxf8 Bxf8 18. Nd5 Rc8 19. Rb1 f5 20.
f3 Qe5 21. Nc3 b4 22. Nd5 Bg7 23. Qd3 Nc5 24. Qf1 a5 25. Nb6 Ba6 26. Qe1
Rb8 27. Nd5 fxe4 28. fxe4 Bd3 29. Rbc1 Bxe4 30. Qd2 Nd3 31. Ne3 Nxc1 32.
Qxc1 Bh6 33. Qc7 Bxe3+ 34. Kh1 Rf8 35. h3 Bxg2+ 36. Kxg2 Rf2+ 0-1

[Event "4th ch-EU"]
[Site "Liverpool ENG"]
[Date "2008.09.13"]
[Round "5"]
[White "Abergel,T"]
[Black "Fridman,D2"]
[Result "1/2-1/2"]
[WhiteElo "2499"]
[BlackElo "2637"]
[EventDate "2008.09.09"]

1. e4 e5 2. Nf3 Nf6 3. Nxe5 d6 4. Nf3 Nxe4 5. Nc3 Nxc3 6. dxc3 Be7 7. Bf4
Nc6 8. Qd2 Be6 9. Nd4 Nxd4 10. cxd4 d5 11. Bd3 O-O 12. O-O c6 13. c3 Bd6
14. Rfe1 Re8 15. Re2 Qc7 16. Bxd6 Qxd6 1/2-1/2

[Event "4th ch-EU"]
[Site "Liverpool ENG"]
[Date "2008.09.13"]
[Round "5"]
[White "Laznicka,V"]
[Black "Spoelman,W"]
[Result "1-0"]
[WhiteElo "2601"]
[BlackElo "2448"]
[EventDate "2008.09.09"]

1. d4 Nf6 2. c4 e6 3. Nc3 Bb4 4. e3 b6 5. Nge2 c5 6. a3 Ba5 7. Rb1 Na6 8.
g3 Bb7 9. d5 b5 10. Bg2 bxc4 11. O-O O-O 12. e4 d6 13. Qa4 exd5 14. Nxd5
Nxd5 15. exd5 Re8 16. Nc3 Bb6 17. Bf4 Nc7 18. Rfe1 h6 19. Qxc4 Qd7 20. Qa4
Qxa4 21. Nxa4 Nb5 22. Rxe8+ Rxe8 23. Nc3 Nxc3 24. bxc3 c4 25. Be3 Bc8 26.
Rb4 Bxe3 27. fxe3 Rxe3 28. Rxc4 Ba6 29. Rc6 Bb5 30. Rc8+ Kh7 31. c4 Ba6 32.
Rc6 Rxa3 33. Bf1 Ra4 34. Kf2 Kg8 35. Ke3 Kf8 36. Rc7 Rb4 37. Kd4 Bb7 38.
Bh3 Ke8 39. Kc3 Rb6 40. Bf5 g6 41. Bc2 a5 42. Ba4+ Kf8 43. Kd4 Ba6 44. Bc2
Rb4 45. Kc3 Bb7 46. Rd7 Rb6 47. Ba4 Ba6 48. Bb3 Kg7 49. Rc7 Kf8 50. Ra7 Kg7
51. Bc2 Kf8 52. Rc7 Bb7 53. Ba4 Ba6 54. Bc2 Bb7 55. Bb3 Ke8 56. Ba4+ Kf8
57. Bc2 Ke8 58. Ba4+ Kf8 59. Bc2 Ke8 60. Ba4+ Kf8 61. Bd7 Rb4 62. Kd4 Rb6
63. Bc6 Ba6 64. Ra7 Bxc4 65. Kxc4 Rb2 66. Rd7 Rxh2 67. Rxd6 Rc2+ 68. Kb5
Rc3 69. Rd8+ Ke7 70. Rd7+ Kf6 71. d6 Rxg3 72. Rd8 Rd3 73. d7 h5 74. Re8 Kg5
75. Kc4 1-0